| 000 | 00790nam a22001937a 4500 | ||
|---|---|---|---|
| 999 |
_c13375 _d13375 |
||
| 003 | AR-CdUCM | ||
| 008 | 190415b ||||| |||| 00| 0 spa d | ||
| 040 |
_aMUNICIPALIDAD PROVINCIAL DEL CUSCO _cBIBLIOTECA MUNICIPAL DEL CUSCO |
||
| 082 |
_aC / 346 / _bO41 |
||
| 100 |
_aOlazabal F. Leoncio _931764 |
||
| 245 |
_aDerecho civil : _bnociones generales de derecho acto jurídico, personas / |
||
| 260 |
_aCuzco : _bH.G. Rozas, _c1953. |
||
| 300 |
_a362 páginas ; _c21 cm. |
||
| 505 | _aContenido: Nociones fundamentales -- La ley --Teoría general de los actos jurídicos -- Derecho de las personas -- Atributos principales de las personas -- Atributos secundarias ... | ||
| 650 |
_aDerecho civil _97386 |
||
| 650 |
_aLegislación _92962 |
||
| 942 |
_2ddc _cLIBROS |
||
| 945 |
_aacv _d2019-04-15 |
||